Central Library || Chittagong University

Essentials of paleobotany ,/ (Record no. 109204)

MARC details
000 -LEADER
fixed length control field 00477nam a22001817a 4500
003 - CONTROL NUMBER IDENTIFIER
control field BD-ChCU
005 - DATE AND TIME OF LATEST TRANSACTION
control field 20251109112242.0
008 - FIXED-LENGTH DATA ELEMENTS--GENERAL INFORMATION
fixed length control field 251109b bg ||||| |||| 00| 0 ben d
040 ## - CATALOGING SOURCE
Transcribing agency BD-ChCU
082 ## - DEWEY DECIMAL CLASSIFICATION NUMBER
Classification number 561 SHE (2)
100 ## - MAIN ENTRY--PERSONAL NAME
Personal name Shukla , A.C.
9 (RLIN) 15696
245 ## - TITLE STATEMENT
Title Essentials of paleobotany ,/
Statement of responsibility, etc. A.C. Shukla
250 ## - EDITION STATEMENT
Edition statement 2nd ed.
260 ## - PUBLICATION, DISTRIBUTION, ETC.
Place of publication, distribution, etc. New Delhi :
Name of publisher, distributor, etc. Vikas,
Date of publication, distribution, etc. C 1982
300 ## - PHYSICAL DESCRIPTION
Extent x , 377p
650 #0 - SUBJECT ADDED ENTRY--TOPICAL TERM
Topical term or geographic name entry element Plants , Fossil , Botany.
9 (RLIN) 15698
942 ## - ADDED ENTRY ELEMENTS (KOHA)
Source of classification or shelving scheme Dewey Decimal Classification
Koha item type Books
Suppress in OPAC No
Holdings
Withdrawn status Lost status Source of classification or shelving scheme Damaged status Not for loan Home library Current library Shelving location Date acquired Source of acquisition Total Checkouts Full call number Barcode Date last seen Copy number Price effective from Koha item type
    Dewey Decimal Classification     Chittagong University Library Chittagong University Library Science Reading Room 11/09/2025 Purchase   561 SHE (2) 125132 11/09/2025 C-1 11/09/2025 Books
© Copyright 2025. Chittagong University Library, Installation and Maintenance by Prof. Dr. Md. Alamgir, 01711306253